[Event "Gausdal Int"]
[Site "Gausdal"]
[Date "1992.??.??"]
[Round "2"]
[White "Djurhuus, Rune"]
[Black "Westerinen, Heikki MJ"]
[Result "1-0"]
[WhiteElo "2405"]
[BlackElo "2390"]

1.d4 d5 2.c4 dxc4 3.e4 e5 4.Nf3 Bb4+ 5.Bd2 Bxd2+ 6.Nbxd2 exd4 7.Bxc4 Nh6
8.O-O c5 9.Nb3 Nd7 10.e5 O-O 11.Qc2 b6 12.Rfe1 Bb7 13.Nbd2 Re8 14.Re2 Nf8
15.Rae1 Qd7 16.Ne4 Rad8 17.Rd2 Re7 18.b4 Qc7 19.bxc5 bxc5 20.h3 Bxe4 21.Qxe4 Qb7
22.Qc2 Rde8 23.Bb3 Qb6 24.Rc1 Ng6 25.Qxc5 Qxc5 26.Rxc5 Nxe5 27.Nxe5 Rxe5
28.Rxe5 Rxe5 29.Rxd4 Kf8 30.Ba4 g5 31.Rd8+ Kg7 32.Rd7 Re1+ 33.Kh2 Re2 34.Bb3 Rxf2
35.Rxa7 g4 36.h4 Kg6 37.a4 Re2 38.Bc4 Re3 39.Rd7 Ra3 40.Bb5 f5 41.Rd6+ Kg7
42.Rd3 Ra1 43.Rd7+ Kg6 44.Rd6+ Kg7 45.Kg3 Ra3+ 46.Rd3 Ra2 47.Rd7+ Kg6 48.Ra7 Rb2
49.Be8+ Kf6 50.Rxh7 Rb3+ 51.Kf4 Rb4+ 52.Ke3 Re4+ 53.Kf2 Rxe8 54.Rxh6+ Ke5
55.Rb6 Rc8 56.Rb5+ Ke4 57.Rb4+ Ke5 58.Rb5+ Ke4 59.Rb4+ Ke5 60.Rb2 Rc3 61.Ra2 g3+
62.Ke2 Kd4 63.a5 Re3+ 64.Kf1 Re8 65.a6 Kd3 66.a7 Ra8 67.h5 f4 68.h6 Rc8 69.Ra1 Ra8
70.h7 Kd2 71.Kg1  1-0

[Event "Gausdal Int"]
[Site "Gausdal"]
[Date "1992.??.??"]
[Round "4"]
[White "Jelling, Erik"]
[Black "Svensk, Ingemar"]
[Result "0-1"]
[WhiteElo "2400"]
[BlackElo "2265"]

1.d4 d5 2.c4 dxc4 3.e4 e5 4.Nf3 Bb4+ 5.Bd2 Bxd2+ 6.Nbxd2 exd4 7.Bxc4 Nc6
8.O-O Nf6 9.b4 O-O 10.Qb3 Qe7 11.b5 Na5 12.Qa4 Nxc4 13.Qxc4 a6 14.bxa6 Rxa6
15.e5 Ng4 16.Qxd4 Rd8 17.Qf4 Re8 18.Rfe1 Ra5 19.h3 Nxe5 20.Nc4 Nxf3+ 21.gxf3 Rg5+
22.Kh2 Be6 23.Ne3 Rh5 24.Ng4 Qh4 25.Qg3 Qxg3+ 26.fxg3 Ra5 27.a3 Kf8 28.Kg2 Rd8
29.Kf2 h5 30.Ne5 Rd2+ 31.Ke3 Rb2 32.Kd4 Rb3 33.Reb1 c5+  0-1

[Event "Peer Gynt"]
[Site "Gausdal"]
[Date "1992.??.??"]
[Round "6"]
[White "Dannevig, Oystein"]
[Black "Christensen, Tobias"]
[Result "1/2-1/2"]
[WhiteElo "2290"]
[BlackElo "2365"]

1.d4 d5 2.c4 dxc4 3.e4 e5 4.Nf3 exd4 5.Bxc4 Bb4+ 6.Bd2 Bxd2+ 7.Nbxd2 Nc6
8.O-O Qf6 9.b4 a6 10.a4 Nge7 11.b5 Na5 12.e5 Qg6 13.Nxd4 O-O 14.Qe2 Nxc4  1/2-1/2

[Event "Peer Gynt"]
[Site "Gausdal"]
[Date "1992.??.??"]
[Round "9"]
[White "Jelling, Erik"]
[Black "Murshed, Niaz"]
[Result "0-1"]
[WhiteElo "2400"]
[BlackElo "2505"]

1.d4 d5 2.c4 dxc4 3.e4 c5 4.d5 Nf6 5.Nc3 b5 6.e5 b4 7.exf6 bxc3 8.bxc3 exf6
9.Bxc4 Bd6 10.Qe2+ Qe7 11.Bb5+ Nd7 12.Rb1 Rb8 13.Be3 O-O 14.Nf3 Ne5 15.Bd3 Ba6  0-1

[Event "Arnold Cup"]
[Site "Gausdal"]
[Date "1992.??.??"]
[Round "9"]
[White "Ward, Christopher"]
[Black "Westerinen, Heikki MJ"]
[Result "1/2-1/2"]
[WhiteElo "2440"]
[BlackElo "2390"]

1.d4 d5 2.c4 dxc4 3.e4 e5 4.Nf3 Bb4+ 5.Bd2 Bxd2+ 6.Nbxd2 exd4 7.Bxc4 Nf6
8.e5 Nd5 9.Qb3 c6 10.Bxd5 cxd5 11.Nxd4 O-O 12.O-O Nc6 13.Nxc6 bxc6 14.Rac1 Ba6
15.Rfe1 Rb8 16.Qa3 Qb6 17.b3 Rbe8 18.Nf3 Re6 19.Qc5 Rfe8 20.Qxb6 axb6 21.Nd4 Rxe5
22.Rxe5 Rxe5 23.Nxc6 Re8 24.Nb4 Bb7 25.f3 Kf8 26.Kf2 Re7 27.Rd1 Re5 28.Nd3 Re7
29.Nb4 Re5 30.Nd3 Re7 31.a4 Bc8 32.Nf4 Be6 33.Rd4 Rc7 34.Rb4 Rc6 35.Ne2 Bd7
36.Rd4 Be6 37.Rb4 Bd7 38.Nd4 Rh6 39.h3 Ke7 40.g4 g5 41.Kg3 Kd8 42.Nc2 Kc7
43.Rd4 Kd6 44.Ne3 Be6 45.b4 Ke5 46.Rd2 Rf6 47.a5 bxa5 48.bxa5 Rf4 49.Rb2 Ra4
50.Rb5 Kd6 51.Nf5+ Kc6 52.Rb8 h5 53.Ng7 h4+ 54.Kf2 Rxa5 55.Nxe6 fxe6 56.Ke3 Ra3+
57.Ke2 Kd6 58.Rg8 Ke5 59.Rxg5+ Kf4 60.Rg6 Re3+ 61.Kd2 d4 62.Rf6+ Kg5 63.Rf8 Kg6
64.Rf4  1/2-1/2

[Event "Oberbayern-ch"]
[Site "Germany"]
[Date "1992.??.??"]
[Round "?"]
[White "Pronold, Helmut"]
[Black "Hornung, Hans"]
[Result "0-1"]
[WhiteElo "2315"]
[BlackElo "2320"]

1.d4 d5 2.c4 dxc4 3.e4 Nc6 4.Be3 Nf6 5.Nc3 e5 6.d5 Ne7 7.Bxc4 Ng6 8.Nf3 Bd6
9.O-O O-O 10.Rc1 a6 11.Qc2 Bd7 12.Ne2 Ng4 13.Bg5 f6 14.Bd2 f5 15.Ng5 f4 16.Ne6 Qh4
17.h3 Nh6 18.f3 Rf6 19.Kh2 Nf8 20.Be1 Qh5 21.Nxc7 Rc8 22.Ba5 Nf7 23.Bb3 Rh6
24.Kg1 Rg6 25.Kh1 Bxh3  0-1

[Event "BL2-W9192"]
[Site "Germany"]
[Date "1992.??.??"]
[Round "?"]
[White "Heil, Siegfried"]
[Black "Bode, Wilfried"]
[Result "1/2-1/2"]
[WhiteElo "2370"]
[BlackElo "2355"]

1.d4 d5 2.c4 dxc4 3.e4 e5 4.Nf3 Bb4+ 5.Bd2 Bxd2+ 6.Nbxd2 exd4 7.Bxc4 Nc6
8.O-O Qf6 9.Re1 Nh6 10.Bd5 O-O 11.Rc1 Ne7 12.Bb3 c6 13.e5 Qg6 14.Nxd4 Nef5
15.N2f3 Rd8 16.Nxf5 Bxf5 17.Qe2 Be6 18.Bc2 Nf5  1/2-1/2

[Event "BL2-N9192"]
[Site "Germany"]
[Date "1992.??.??"]
[Round "?"]
[White "Paulsen, Dirk"]
[Black "Brameyer, Hermann"]
[Result "1-0"]
[WhiteElo "2340"]
[BlackElo "2295"]

1.d4 d5 2.c4 dxc4 3.e4 e5 4.Nf3 Bb4+ 5.Nbd2 exd4 6.Bxc4 Nc6 7.O-O Nh6 8.Nb3 Ng4
9.Bg5 Be7 10.Bxe7 Qxe7 11.Bb5 O-O 12.Bxc6 bxc6 13.Qxd4 Rd8 14.Qc4 Rd6 15.Qc5 f6
16.Rfe1 Ne5 17.Nxe5 fxe5 18.Na5 Bh3 19.Qc4+ Be6 20.Qc3 Bd7 21.Nc4 Rd4 22.f4 Qc5
23.Nxe5 Qb6 24.Kh1 Rf8 25.Rad1 Rxd1 26.Rxd1 Be8 27.Nd7  1-0

[Event "Giessen op"]
[Site "Giessen"]
[Date "1992.??.??"]
[Round "?"]
[White "Gutman, Lev"]
[Black "Adamski, Jan"]
[Result "1/2-1/2"]
[WhiteElo "2465"]
[BlackElo "2375"]

1.d4 d5 2.c4 dxc4 3.e4 e5 4.Nf3 Nf6 5.Bxc4 Nxe4 6.O-O Nd6 7.Bb3 e4 8.Ne5 Be7
9.Nc3 Nd7 10.Nxe4 Nxe5 11.dxe5 Nxe4 12.Qf3 Be6 13.Qxe4 Bxb3 14.axb3 c6 15.Be3 Qd5
16.Qxd5 cxd5 17.Rfd1 Kd7 18.Rxd5+ Ke6 19.Rd3 Rad8 20.Rc3 Rd7 21.Kf1 Kxe5
22.Ra4 a6 23.g4 f5 24.h3 Ke6 25.gxf5+ Kxf5 26.Rf4+ Ke6 27.Bd4 Rf8 28.Re3+ Kd6
29.Rg4 g6 30.Bg7 Rf5 31.b4 Kc6 32.Re6+ Kb5 33.Bd4 Bd8 34.Rge4 Bc7 35.Ke2 Rf4
36.Bc3 Rxe4+ 37.Rxe4 Bd6 38.Rd4 Re7+ 39.Kf3 Kc6 40.h4 Rf7+ 41.Ke3 Re7+ 42.Kf3 Rf7+
43.Ke3 Re7+ 44.Kf3  1/2-1/2

[Event "Goteborg op"]
[Site "Goteborg"]
[Date "1992.??.??"]
[Round "?"]
[White "Agrest, Evgenij"]
[Black "Bus, Mariusz"]
[Result "1-0"]
[WhiteElo "2485"]
[BlackElo "2390"]

1.d4 d5 2.c4 dxc4 3.e4 c5 4.d5 Nf6 5.Nc3 e6 6.Bxc4 exd5 7.Nxd5 Nxd5 8.Bxd5 Be7
9.Qh5 O-O 10.Nf3 Qb6 11.O-O Be6 12.Bg5 f6 13.Bf4 Na6 14.Rad1 Rad8 15.Nh4 Bxd5
16.exd5 Bd6 17.Bxd6 Qxd6 18.Rfe1 Qd7 19.d6 Rfe8 20.Nf5 Rxe1+ 21.Rxe1 g6 22.Ne7+ Kg7
23.Nxg6 hxg6 24.Re7+ Qxe7 25.dxe7 Re8 26.Qe2 Nc7 27.h4 b6 28.Qe4 Kf7 29.Qb7 Rxe7
30.Qxa7 Nd5 31.Qa8 Rd7 32.g3 f5 33.Kg2 Nf6 34.a4 Ne4 35.Qc6 Rd6 36.Qc7+ Kf6
37.b3 Rd2 38.Qxb6+ Ke5 39.a5 Rxf2+ 40.Kh3 Kd4  1-0

[Event "Groningen"]
[Site "Groningen"]
[Date "1992.??.??"]
[Round "7"]
[White "Hansen, Curt"]
[Black "Piket, Jeroen"]
[Result "1/2-1/2"]
[WhiteElo "2635"]
[BlackElo "2625"]

1.d4 d5 2.c4 dxc4 3.e4 Nc6 4.Be3 Nf6 5.Nc3 e5 6.d5 Ne7 7.Bxc4 Ng6 8.Nf3 Bd6
9.Bb5+ Bd7 10.Bxd7+ Qxd7 11.O-O O-O 12.Rc1 h6 13.h3 Ne7 14.Qb3 Rfb8 15.Rfd1 b5
16.Qc2 a5 17.Nd2 a4  1/2-1/2

[Event "Hamburg op"]
[Site "Hamburg"]
[Date "1992.??.??"]
[Round "7"]
[White "Cording, Harm"]
[Black "Bode, Wilfried"]
[Result "0-1"]
[WhiteElo "2320"]
[BlackElo "2395"]

1.d4 d5 2.c4 dxc4 3.e4 e5 4.Nf3 Bb4+ 5.Bd2 Bxd2+ 6.Nbxd2 exd4 7.Bxc4 Nc6
8.O-O Qf6 9.Re1 Nge7 10.e5 Qg6 11.Rc1 O-O 12.Ne4 Bg4 13.Ng3 Rad8 14.Bd3 Qh6
15.Rc5 Rd5 16.Rxd5 Nxd5 17.h3 Bxf3 18.Qxf3 Rd8 19.Re4 Ndb4 20.Nf5 Qc1+ 21.Kh2 Nxd3
22.Qxd3 g6 23.Qg3 d3 24.e6 fxe6 25.Rxe6 Kf7 26.Re3 gxf5 27.Qxc7+ Kf6 28.g4 Qxe3
29.fxe3 d2 30.g5+ Ke6 31.e4 fxe4 32.Qf4 d1=Q  0-1

[Event "Havana-B"]
[Site "Havana"]
[Date "1992.??.??"]
[Round "?"]
[White "Palao, Maricela"]
[Black "Lebredo, Gerardo"]
[Result "1/2-1/2"]
[WhiteElo "2150"]
[BlackElo "2270"]

1.d4 d5 2.c4 dxc4 3.e4 Nf6 4.Nc3 Nc6 5.Be3 e6 6.Bxc4 Bb4 7.Bd3 O-O 8.Nf3 e5
9.d5 Ne7 10.Nxe5 c6 11.O-O cxd5 12.exd5 Nexd5 13.Nxd5 Qxd5 14.Bf4 Be6 15.Qa4 Qa5
16.Qxa5 Bxa5 17.Nc4 Bb4 18.a3 Be7 19.Rac1 Rfd8  1/2-1/2

[Event "HUN-chT"]
[Site "HUN"]
[Date "1992.??.??"]
[Round "?"]
[White "Bagonyai, Attila"]
[Black "Schrancz, Istvan"]
[Result "1/2-1/2"]
[WhiteElo "2280"]
[BlackElo "2245"]

1.d4 d5 2.c4 dxc4 3.e4 Nf6 4.e5 Nd5 5.Bxc4 Nb6 6.Bb3 Nc6 7.Ne2 Bf5 8.Nbc3 e6
9.Be3 Be7 10.O-O O-O 11.Ng3 Bg6 12.f4 Na5 13.d5 Nxb3 14.Qxb3 Bd3 15.Bxb6 Bxf1
16.d6 Bxd6 17.exd6 cxb6 18.Rxf1 Qxd6 19.f5 exf5 20.Nxf5 Qc5+ 21.Kh1 Rae8
22.Nd5 Re5 23.h3 g6 24.Nf6+ Kh8 25.Nh6 Re3 26.Qa4 b5 27.Qh4 Qc4 28.Qf2 Re2
29.Qf3 Re3 30.Qf2 Re2 31.Qf3 Re3 32.Qf2  1/2-1/2

[Event "HUN-chT"]
[Site "HUN"]
[Date "1992.??.??"]
[Round "?"]
[White "Groszpeter, Attila"]
[Black "Horvath, Gyula"]
[Result "1/2-1/2"]
[WhiteElo "2495"]
[BlackElo "2420"]

1.d4 d5 2.c4 dxc4 3.e4 Nf6 4.e5 Nd5 5.Bxc4 Nc6 6.Nc3 Nb6 7.Bb5 Bd7 8.Be3 e6
9.a3 Ne7 10.Bd3 Bc6 11.Nf3 Nf5 12.O-O Nd5 13.Qe2 Be7 14.Rac1 Qd7 15.Ne4 O-O
16.Ng3 Nxg3 17.hxg3 a6 18.Nd2 Bb5 19.Nc4 Rac8 20.Rfd1 Rfd8 21.b3 Nxe3 22.fxe3 g6
23.Qf3 Bg5 24.Be4 Bxc4 25.bxc4 c6 26.c5 Rf8 27.Rc3 f5 28.exf6 Rxf6 29.Qg4 Qe7
30.Bf3 Rff8 31.Rb3 Rc7 32.Kh2 Kg7 33.Rdb1 Rf7 34.Qe4 Qf6 35.a4 Qf5 36.g4 Qxe4
37.Bxe4 Kf8 38.Bf3 a5 39.Kg3 Rfd7 40.Be4 Ke7 41.Rh1 Kf6 42.Rf1+ Ke7 43.Rh1 Kf6
44.Rf1+ Ke7  1/2-1/2

[Event "ISR-ch"]
[Site "ISR"]
[Date "1992.??.??"]
[Round "1"]
[White "Alterman, Boris"]
[Black "Afek, Yochanan"]
[Result "1-0"]
[WhiteElo "2545"]
[BlackElo "2365"]

1.d4 d5 2.c4 dxc4 3.e4 c5 4.d5 e6 5.Bxc4 Nf6 6.Nc3 exd5 7.exd5 a6 8.Bf4 b5
9.Qe2+ Qe7 10.O-O-O bxc4 11.Qd2 Kd8 12.Nf3 Qb7 13.Ne5 Bf5 14.Rhe1 Kc8 15.g4 Bg6
16.g5 Nh5 17.d6 Nxf4 18.Qxf4 Kd8 19.d7 Be7 20.Nxg6 fxg6 21.Rxe7 Kxe7 22.d8=Q+ Rxd8
23.Qe5+ Kf7 24.Rxd8  1-0

[Event "ISR-ch"]
[Site "ISR"]
[Date "1992.??.??"]
[Round "6"]
[White "Gofshtein, Leonid D"]
[Black "Afek, Yochanan"]
[Result "0-1"]
[WhiteElo "2550"]
[BlackElo "2365"]

1.d4 d5 2.c4 dxc4 3.e4 c5 4.d5 e6 5.Bxc4 Nf6 6.Nc3 exd5 7.exd5 a6 8.Bf4 Bd6
9.Qe2+ Kf8 10.Be3 b5 11.Bb3 Bg4 12.f3 Bf5 13.g4 Bg6 14.O-O-O Nbd7 15.Nh3 Qa5
16.Nf4 c4 17.Nxg6+ hxg6 18.Bc2 b4 19.Na4 Qb5 20.Rd4 Re8 21.g5 Nh5 22.Re1 Nf4
23.Qd2 Nd3+ 24.Bxd3 cxd3 25.Qd1 Nc5  0-1

[Event "ISR-ch"]
[Site "ISR"]
[Date "1992.??.??"]
[Round "8"]
[White "Greenfeld, Alon"]
[Black "Shvidler, Eliahu"]
[Result "1-0"]
[WhiteElo "2535"]
[BlackElo "2445"]

1.d4 d5 2.c4 dxc4 3.e4 Nf6 4.e5 Nd5 5.Bxc4 Nb6 6.Bd3 Nc6 7.Ne2 Nb4 8.Be4 f5
9.exf6 exf6 10.Nf4 Qe7 11.O-O Qf7 12.Re1 Be7 13.Nc3 g5 14.a3 Nc6 15.Nfd5 O-O
16.Nxb6  1-0

[Event "Katowice op"]
[Site "Katowice"]
[Date "1992.??.??"]
[Round "3"]
[White "Sherbakov, Ruslan"]
[Black "Lazarev, Vladimir"]
[Result "1-0"]
[WhiteElo "2495"]
[BlackElo "2445"]

1.d4 d5 2.c4 dxc4 3.e4 c5 4.d5 e6 5.Bxc4 Nf6 6.Nc3 exd5 7.exd5 a6 8.Bf4 b5
9.Qe2+ Qe7 10.d6 Qxe2+ 11.Bxe2 Bb7 12.Bf3 Nc6 13.O-O-O O-O-O 14.Nge2 Na5
15.Ng3 Bxf3 16.gxf3 Nb7 17.Nf5 Ne8 18.d7+ Rxd7 19.Nd5 Rxd5 20.Rxd5 g6 21.Ng3 Nc7
22.Rdd1 Be7 23.Ne4 Ne6 24.Be5 Rf8 25.Rhe1 h5 26.b3 h4 27.Nc3 Bd8 28.Nd5 Na5
29.Kb1 Nc6 30.Bc3 a5 31.Re4 Ncd4 32.Bxd4 cxd4 33.Nf4 Ng5 34.Rexd4 Nxf3 35.Rc1+ Kb8
36.Rd5 Nxh2 37.Rxb5+ Ka7 38.Nd3 Bb6 39.Rc6 Rb8 40.Ne5 Rb7 41.Nc4 Bc7 42.Nd6 Bxd6
43.Rxa5+ Kb8 44.Rxd6 Rb4 45.Rf6 h3 46.Rxf7 Rh4 47.Re5 Rh8 48.Ree7 Ng4 49.f3 Nf6
50.Rxf6 h2 51.Re1  1-0

[Event "JUG-ch"]
[Site "Kladovo"]
[Date "1992.??.??"]
[Round "9"]
[White "Ilincic, Zlatko"]
[Black "Mirkovic, Slobodan"]
[Result "1-0"]
[WhiteElo "2445"]
[BlackElo "2365"]

1.d4 d5 2.c4 dxc4 3.e4 c5 4.d5 e6 5.Bxc4 Nf6 6.Nc3 exd5 7.exd5 a6 8.Bf4 b5
9.Qe2+ Qe7 10.d6 Qxe2+ 11.Bxe2 Bb7 12.Bf3 Bxf3 13.Nxf3 Nc6 14.O-O-O Kd7 15.a4 Rb8
16.axb5 axb5 17.Rhe1 h6 18.h4 b4 19.Na4 Rb5 20.Ne5+ Nxe5 21.Rxe5 Kc6 22.d7 Nxd7
23.Re8 Rb7 24.b3 g5 25.Rc8+ Kb5 26.Bc7 Bd6 27.Rxh8 Bxc7 28.Rxh6 gxh4 29.Rxh4 Be5
30.Kc2 Bd4 31.Rf4 Ne5 32.Rdxd4 cxd4 33.Rf5 f6 34.f4 Rg7 35.fxe5 Rxg2+ 36.Kd3 Rg3+
37.Kxd4 Rg4+ 38.Kd5 fxe5 39.Rxe5 Rg3 40.Kd4+ Ka6 41.Re3 Rg4+ 42.Re4 Rg5 43.Kc4 Ka5
44.Rd4  1-0

[Event "Kobanya op"]
[Site "Kobanya op"]
[Date "1992.??.??"]
[Round "9"]
[White "Tregubov, Pavel V"]
[Black "Kallai, Gabor"]
[Result "1-0"]
[WhiteElo "2385"]
[BlackElo "2455"]

1.d4 d5 2.c4 dxc4 3.e4 c5 4.d5 e6 5.Nc3 Nf6 6.Nf3 exd5 7.e5 Nfd7 8.Bg5 Be7
9.Bxe7 Qxe7 10.Nxd5 Qd8 11.Qc2 Nxe5 12.Qe4 Be6 13.Qxe5 Qxd5 14.Qxg7 Rf8 15.Rd1 Qe4+
16.Be2 Nd7 17.Ng5 Qg6 18.Nxe6 Qxe6 19.O-O O-O-O 20.Bg4 f5 21.Bh3 Nf6 22.Rde1 Qd5
23.Qg3 Ne4 24.Qf4 Rd7 25.Re2 b6 26.Rfe1 Rff7 27.g3 Kb7 28.Bg2 Qd6 29.Bxe4+ fxe4
30.Qxe4+ Qd5 31.Qxd5+ Rxd5 32.f4 b5 33.Rf2 Kb6 34.Kg2 b4 35.g4 Kb5 36.f5 c3
37.bxc3 bxc3 38.f6 Rg5 39.Rb1+ Kc6 40.Kg3 Rg6 41.Rbf1 c2 42.Rf5 h6 43.h4 Kb5
44.g5 hxg5 45.hxg5 Rfxf6 46.Rxf6 Rxg5+ 47.Kf2 Kc4 48.Rf3 Rh5 49.Rc1 Rh2+
50.Kg3 Rd2 51.Kf4 Kd4 52.a4 a5 53.Rb3 Rf2+ 54.Kg4 Rd2 55.Kf5 Kc4 56.Rb5 Kd4
57.Rxa5 c4 58.Re5 Kc3 59.Ree1 Kb2 60.Ke4 Rd8 61.a5 c3  1-0

[Event "Komotini op"]
[Site "Komotini"]
[Date "1992.??.??"]
[Round "?"]
[White "Alterman, Boris"]
[Black "Nei, Iivo"]
[Result "1-0"]
[WhiteElo "2545"]
[BlackElo "2410"]

1.d4 d5 2.c4 dxc4 3.e4 Nf6 4.e5 Nd5 5.Bxc4 Nb6 6.Bb3 Bf5 7.Nc3 e6 8.Nge2 Nc6
9.a3 Be7 10.O-O Qd7 11.Be3 Rd8 12.Ba2 O-O 13.Qc1 Nb8 14.Rd1 c6 15.Bg5 Nd5
16.Ng3 Bg6 17.Nce4 Na6 18.Bxe7 Qxe7 19.Nd6 Rb8 20.Bxd5 cxd5 21.Ne2 f6 22.Qe3 Nc7
23.Rac1 Bh5 24.f3 Be8 25.Rd2 Bc6 26.Re1 a6 27.Nf4 Rbd8 28.b4 fxe5 29.dxe5 Nb5
30.Nxb5 Bxb5 31.Rc1 Rc8 32.Rdc2 Qd7 33.Rxc8 Rxc8 34.Rxc8+ Qxc8 35.h4 Kf7
36.Kh2 Qd8 37.Kg3 h6 38.Qd4 Qc7 39.h5 Qd8 40.Nh3 Kg8 41.Kf2 Kf7 42.Kg1 Qc7
43.Kh2 Qc4 44.Qb6 Qc6 45.Qd8 Qd7 46.Qxd7+ Bxd7 47.Nf4 Ke7 48.Kg3 Bb5 49.Kf2 b6
50.Ke3 Kf7 51.g3 Ke7 52.Ng6+ Kf7 53.Nh4 Ba4 54.g4 Bc2 55.Ng2 Ke7 56.Kd2 Ba4
57.Nf4 Bb5 58.Ke3 Ba4 59.Ne2 Be8 60.Nd4 g6 61.hxg6 Bxg6 62.f4 Bf7 63.f5 h5
64.fxe6 Bg6 65.gxh5 Bxh5 66.Nf5+ Kxe6 67.Ng7+ Kxe5 68.Nxh5 a5 69.Ng3  1-0

[Event "ARG-ch sf1"]
[Site "La Plata"]
[Date "1992.??.??"]
[Round "?"]
[White "Amura, Claudia Noemi"]
[Black "Slipak, Sergio"]
[Result "1/2-1/2"]
[WhiteElo "2355"]
[BlackElo "2430"]

1.d4 d5 2.c4 dxc4 3.e4 e5 4.Nf3 exd4 5.Bxc4 Bb4+ 6.Bd2 Bxd2+ 7.Nbxd2 Nc6
8.O-O Nf6 9.e5 Ng4 10.h3 Nh6 11.Nb3 Nf5 12.Bb5 Qd5 13.Nbxd4 Nxd4 14.Nxd4 Bd7
15.Bxc6 Bxc6 16.Nxc6  1/2-1/2

[Event "Liechtenstein op"]
[Site "Liechtenstein"]
[Date "1992.??.??"]
[Round "7"]
[White "Pliester, Leon"]
[Black "Baburin, Alexander"]
[Result "0-1"]
[WhiteElo "2355"]
[BlackElo "2490"]

1.d4 d5 2.c4 dxc4 3.e4 Nc6 4.Be3 Nf6 5.Nc3 Ng4 6.Bxc4 e5 7.d5 Nxe3 8.fxe3 Nb8
9.Qh5 Bd6 10.Nf3 O-O 11.O-O g6 12.Qh6 f6 13.Nb5 Nd7 14.Rac1 a6 15.Nxd6 cxd6
16.Bb3 a5 17.a4 b6 18.Rc6 Nc5 19.Bc4 Bb7 20.Nh4 Rf7 21.Rf3 Nxe4 22.Nxg6 Ng5
23.Nxe5 Nxf3+ 24.Nxf3 Bxc6 25.dxc6 d5 26.Bb3 Qd6 27.e4 Qxc6 28.Bxd5 Qc5+
29.Kh1 Ra7 30.h4 Kh8 31.Bxf7 Rxf7 32.Qf4 Qc7 33.Qf5 Qg3 34.Qc8+ Kg7 35.Nd4 Qe1+
36.Kh2 Qxh4+ 37.Kg1 Qe1+ 38.Kh2 Qxe4 39.Nf5+ Kg6 40.Qg8+ Kxf5 41.Qxf7 Qh4+
42.Kg1 Qe1+ 43.Kh2 Qe5+ 44.Kh1 Qxb2 45.Qxh7+ Ke5 46.Qe7+ Kd5 47.Qd7+ Kc4
48.Qc6+ Kd3 49.Qf3+ Kc2 50.Qc6+ Kb1 51.Qd6 Ka2 52.Kh2 Qf2 53.Qd5+ Ka3 54.Qc4 Qc5
55.Qe4 Qf2 56.Kh1 f5 57.Qc4 f4 58.Qe4 Kb3 59.Qc6 Qd4 60.Qb5+ Qb4 61.Qd7 Qe1+
62.Kh2 Qg3+ 63.Kh1 Qf2 64.Qd1+ Kb4 65.Qd7 Qe1+ 66.Kh2 Qe5 67.Kh1 Qh5+ 68.Kg1 Qc5+
69.Kh2 Kc3 70.Qh3+ Qe3 71.Qc8+ Kb3 72.Qd7 Kc3 73.Qc6+ Kb2 74.Qb5+ Ka3 75.Qd7 f3
76.Qd6+ Kxa4 77.Qc6+ Kb4 78.gxf3 a4 79.Qd6+ Qc5 80.Qd2+ Kb3 81.f4 a3 82.f5 a2  0-1

[Event "Linares"]
[Site "Linares"]
[Date "1992.??.??"]
[Round "3"]
[White "Karpov, Anatoly"]
[Black "Anand, Viswanathan"]
[Result "1/2-1/2"]
[WhiteElo "2725"]
[BlackElo "2670"]

1.d4 d5 2.c4 dxc4 3.e4 e5 4.Nf3 Bb4+ 5.Bd2 Bxd2+ 6.Nbxd2 exd4 7.Bxc4 Nc6
8.O-O Nf6 9.e5 Nd5 10.Nb3 O-O 11.Nbxd4 Nxd4 12.Qxd4 Nb6 13.Bb3 Be6 14.Qc5 Re8
15.Rad1 Qe7 16.Qc3 Bxb3 17.Qxb3 Rad8 18.h3 h6 19.Rfe1 Rxd1 20.Rxd1 c6 21.Qe3 Rd8
22.Re1 Qd7 23.b3 Qd3 24.Qc5 Qd5 25.Qa3 Nc8 26.Qb4 c5 27.Qa4 Qd7 28.Qf4 Qe6
29.Rc1 b6 30.b4 Qxa2 31.bxc5 bxc5 32.Rxc5 Nb6 33.Rc7 Rd7 34.Rc1 Qa4 35.Qxa4 Nxa4
36.h4 Nb2 37.Rc8+ Kh7 38.h5 Nd3 39.Re8 Nf4 40.g4 a5 41.Ra8 Rd1+ 42.Kh2 Rd3
43.Kg3  1/2-1/2

[Event "Madrid"]
[Site "Madrid"]
[Date "1992.??.??"]
[Round "6"]
[White "Salov, Valery"]
[Black "Magem Badals, Jorge"]
[Result "1-0"]
[WhiteElo "2655"]
[BlackElo "2515"]

1.d4 d5 2.c4 dxc4 3.e4 Nc6 4.Nf3 Bg4 5.Bxc4 e6 6.Bb5 Ne7 7.Nbd2 Qd6 8.a3 O-O-O
9.Nc4 Qxd4 10.Nxd4 Bxd1 11.Nxc6 Nxc6 12.Bg5 f6 13.Bxc6 bxc6 14.Bxf6 gxf6
15.Rxd1 Rxd1+ 16.Kxd1 Bc5 17.Ke2 Rg8 18.g3 Bd4 19.b4 c5 20.b5 Kd7 21.f4 h5
22.Kf3 c6 23.Rb1 cxb5 24.Rxb5 Kc6 25.a4 Rc8 26.Ra5 Rb8 27.Ra6+ Kd7 28.Rxa7+ Kd8
29.Ke2 Rb4 30.Kd3 Rb3+ 31.Kd2 Rb4 32.Na5 Kc8 33.Nc6 Rb2+ 34.Kd3 Bg1 35.Rg7 c4+
36.Kc3 Rxh2 37.a5 Ra2 38.Re7 Bf2 39.Rxe6 Bxg3 40.Rxf6 h4 41.e5 Kc7 42.Ne7 Rxa5
43.Kxc4 Ra4+ 44.Kb5 Re4 45.Nd5+ Kc8 46.Kc6 Rc4+ 47.Kd6 Kb7 48.Rf7+ Ka6 49.e6 Re4
50.e7  1-0

[Event "Balkaniad"]
[Site "Mangalia"]
[Date "1992.??.??"]
[Round "2"]
[White "Grigore, George"]
[Black "Moutousis, Konstantinos"]
[Result "1/2-1/2"]
[WhiteElo "2430"]
[BlackElo "2405"]

1.d4 d5 2.c4 dxc4 3.e4 Nf6 4.e5 Nd5 5.Bxc4 Nb6 6.Bd3 Nc6 7.Ne2 Bg4 8.f3 Be6
9.Nbc3 Qd7 10.Ne4 Bd5 11.Nc5 Qc8 12.a3 e6 13.Qc2 Bxc5 14.dxc5 Nd7 15.f4 Bxg2
16.Rg1 Bf3 17.Rxg7 Bxe2 18.Bxe2 Nd4 19.Qc4 Nxe2 20.Qxe2 Nf8 21.Be3 Qd7 22.Rd1 Qc6
23.Kf2 Ng6 24.Qh5 Rf8 25.Rxh7 Rg8 26.Qf3 Ne7 27.Qxc6+ bxc6 28.Rg1 Rf8 29.Rh3 Rb8
30.Bc1 a5 31.Ke2 Rb5 32.Kd1 Rxc5 33.Bd2 Rd5 34.Kc2 Nf5 35.Bc3 a4 36.Re1 Rg8
37.Re4 Rg2+ 38.Kb1 c5 39.Rxa4 Nd4 40.Ra8+ Kd7 41.Ka2 Ne2 42.a4 c4 43.Ka3 Kc6
44.Rb8 Rd1 45.Rb5 Nxc3 46.bxc3 Ra1+ 47.Kb4 Rb2+ 48.Kxc4 Rxa4+ 49.Rb4 Raxb4+
50.cxb4 Rf2 51.Rh4 Kd7 52.Kb5 Ke7 53.Kc6 Rc2+ 54.Kb7 Rb2 55.Kxc7 Rxb4 56.Kc6 Rc4+
57.Kb5 Rc2 58.Kb4 Kf8 59.Kb3 Rc1 60.Kb2 Rc4 61.Kb3 Rc1 62.Rg4 Rh1 63.h4 f5
64.exf6 Kf7 65.Kc4 Kxf6 66.Kd3  1/2-1/2

[Event "Manila ol (Men)"]
[Site "Manila"]
[Date "1992.??.??"]
[Round "?"]
[White "Hertneck, Gerald"]
[Black "Westerinen, Heikki MJ"]
[Result "1/2-1/2"]
[WhiteElo "2530"]
[BlackElo "2430"]

1.d4 d5 2.c4 dxc4 3.e4 e5 4.Nf3 Bb4+ 5.Nc3 exd4 6.Nxd4 Qe7 7.Bxc4 Nf6 8.O-O O-O
9.Bg5 Bxc3 10.bxc3 Qc5 11.Bxf6 Qxc4 12.Qh5 gxf6 13.Qh6 Nc6 14.Rae1 Nxd4 15.cxd4 Bg4
16.Re3 Rfe8 17.h3 Rad8 18.hxg4 Rxd4 19.g5 fxg5 20.Qxg5+ Kf8 21.Qh6+ Ke7 22.Rb3 Kd7
23.Rc1 Qe2 24.Qxh7 Rd1+ 25.Rxd1+ Qxd1+ 26.Kh2 Qd6+ 27.g3 Qf6 28.Qh3+ Ke7
29.Kg2 b6 30.e5 Qg6 31.Qh4+ Kd7 32.Qa4+ Qc6+ 33.Qxc6+ Kxc6 34.f4 Rd8 35.Rc3+ Kd7
36.Rd3+ Ke7 37.Rxd8 Kxd8 38.Kf3 b5 39.Ke4 c5 40.f5 c4 41.Kd4 Ke7 42.g4 f6
43.e6 Kd6 44.a4 a6 45.a5 Ke7 46.g5 fxg5 47.Ke5 c3 48.f6+ Ke8 49.Kd6 c2 50.f7+ Kf8
51.e7+ Kxf7 52.Kd7 c1=Q 53.e8=Q+ Kg7 54.Qe5+ Kg6 55.Qe6+ Kh5 56.Qh3+  1/2-1/2

[Event "Manila ol (Men)"]
[Site "Manila"]
[Date "1992.??.??"]
[Round "?"]
[White "Ginting, Nasib"]
[Black "Barua, Dibyendu"]
[Result "0-1"]
[WhiteElo "2430"]
[BlackElo "2555"]

1.d4 d5 2.c4 dxc4 3.e4 Nf6 4.e5 Nd5 5.Bxc4 Nb6 6.Bb3 Nc6 7.Nf3 Bf5 8.Nc3 e6
9.h3 Nb4 10.O-O Be7 11.a3 N4d5 12.Qe2 O-O 13.Rd1 Qd7 14.Ne4 a6 15.Bg5 Bxg5
16.Nfxg5 Qb5 17.Qxb5 axb5 18.Nc5 Nc4 19.Nxb7 Nxb2 20.Rdc1 Nd3 21.Rc2 b4 22.a4 Nc3
23.Rd2 Rfb8 24.Nc5 Nxc5 25.dxc5 h6 26.Nf3 Ne4 27.Rc2 Ra5 28.Nd4 Nxc5 29.Nxf5 exf5
30.Bc4 Kf8 31.Rb1 Nxa4 32.Ra1 b3 33.Bxb3 Rxb3 34.Rxc7 Kg8 35.Rd1 Rxe5 36.Rd8+ Kh7
37.Rxf7 Nc5 38.Ra8  0-1

[Event "Manila ol (Men)"]
[Site "Manila"]
[Date "1992.??.??"]
[Round "?"]
[White "Xu Jun"]
[Black "Westerinen, Heikki MJ"]
[Result "1-0"]
[WhiteElo "2535"]
[BlackElo "2430"]

1.d4 d5 2.c4 dxc4 3.e4 e5 4.Nf3 Bb4+ 5.Bd2 Bxd2+ 6.Qxd2 exd4 7.Qxd4 Qxd4
8.Nxd4 Bd7 9.Nc3 Nc6 10.Nxc6 Bxc6 11.Bxc4 Nf6 12.f3 Nd7 13.Rd1 Ke7 14.Bd5 Rhb8
15.Ke2 Nb6 16.Bxc6 bxc6 17.Rc1 a5 18.Nd1 Kd7 19.Ne3 Nc8 20.Rhd1+ Ke8 21.Rd2 Ne7
22.Nd1 Rd8 23.Rdc2 Rd6 24.Ne3 Rb8 25.Nc4 Rh6 26.Nxa5 Rxh2 27.Kf2 Rh5 28.Nb3 Rh6
29.Nc5 Rd6 30.a4 Rb4 31.a5 Rd8 32.Ke3 Ra8 33.Nd3 Rb3 34.Rc5 Rd8 35.R1c3 Rxc3
36.Rxc3 Ra8 37.b4 Rb8 38.Kd2 Kd8 39.Kc2 Kc8 40.Kb3 Rb5 41.Nc5 Ng6 42.a6 Rb8
43.Rd3 Nf4 44.a7 Ra8 45.Rd7 Ne6 46.Rxf7 Nxc5+ 47.bxc5 Rxa7 48.Rxg7 Ra5 49.Rxh7 Rxc5
50.g4 Rg5 51.Rh5 Rb5+ 52.Rxb5 cxb5 53.Kb4 c6 54.e5 Kd7 55.f4 Ke6 56.Kc5  1-0

[Event "Manila ol (Men)"]
[Site "Manila"]
[Date "1992.??.??"]
[Round "?"]
[White "Manninen, Marko"]
[Black "Ye Rongguang"]
[Result "0-1"]
[WhiteElo "2450"]
[BlackElo "2515"]

1.d4 d5 2.c4 dxc4 3.e4 Nc6 4.Nf3 Bg4 5.d5 Ne5 6.Qd4 Nxf3+ 7.gxf3 Bxf3 8.Bxc4 a6
9.Rg1 e5 10.Qd3 Bh5 11.Rg5 Bb4+ 12.Nc3 Bg6 13.Rxe5+ Ne7 14.Rg5 h6 15.Rg3 c6
16.Bd2 Rc8 17.a3 cxd5 18.Bxa6 bxa6 19.axb4 dxe4 20.Qxd8+ Rxd8 21.Re3 O-O
22.Nxe4 Nf5 23.Nc5 Nxe3 24.fxe3 Bd3 25.Bc3 Bb5 26.Bd4 Rfe8 27.O-O-O Rd6 28.Rg1 Rg6
29.Rxg6 fxg6 30.Kd2 g5 31.e4 g4 32.Ke3 Rf8 33.Be5 Rf3+ 34.Kd4 h5 35.Bg3 Kf7
36.Ke5 g5 37.Ne6 Kg6 38.Nd4 Rf1 39.Ke6 h4 40.Be5 Re1  0-1